000 01715nam2a2200241 4500
001 rc\3037492
005 20260315065413.0
035 _a(NLR Aleph) 007177975
090 _a13622289
_c13622289
100 _a20111005d1935 u y0rusy50 ca
101 1 _arus
_ceng
102 _aRU
105 _aa z |||||
200 1 _aКоличественный анализ
_fПер. с 7 англ. изд. под ред. и с доп. проф. А.С. Комаровского
_hЧ. 2 и 3
_iОбъемный и газовый анализ
210 _d1935
215 _aПереплет, 324 с.
_cил.
461 0 _1001rc\3037491
_12001#$aКурс аналитической химии ...$eУтв. Ком. по высш. техн. образ. при ЦИК СССР в качестве учеб. пособия для хим. втузов$fФ. Тредвелл, проф. Цюрихск. политехникума. В. Голл, проф. Массачузетск. технол. ин-та$vТ. 2
_1700#1$aТредвел$bФ.П.$gФредерик Пирсон$f1857-1918
_97412617
_aТредвел, Ф.П. (1857-1918)
_cМосква
_d1935
_e7-е изд.
_fФ. Тредвелл, проф. Цюрихск. политехникума. В. Голл, проф. Массачузетск. технол. ин-та
_nОНТИ. Гл. ред. хим. лит.
_oУтв. Ком. по высш. техн. образ. при ЦИК СССР в качестве учеб. пособия для хим. втузов
_tКурс аналитической химии ...
_vТ. 2
702 1 _aКомаровский
_bА.С.
_4340
801 0 _aRU
_bNLR
_gpsbo
801 1 _aRU
_bELAR
_2rusmarc
852 _aNLR
_j31-18/158(2)
942 _cUNSPEC
980 _aNB